000 01608nam a2200445Ii 4500
001 DIGANAGRA0832
003 NyNyDIG
006 m o d
007 cr |||||||||||
008 220920s2018 sp o 000 f spa d
035 _a(OCoLC)1350506259
040 _aDGITA
_beng
_erda
_epn
_cDGITA
020 _a9788433939494
_qdigital
020 _z9788433970725
041 1 _aspa
_heng
050 1 4 _aPZ7.F2223 ebook
100 1 _aFante, John,
_d1909-1983,
_eauthor.
240 1 0 _a1933 was a bad year.
_lSpanish
245 1 3 _aUn año pésimo /
_cJohn Fante.
250 _aEdición en formato digital.
264 1 _aBarcelona :
_bEditorial Anagrama,
_c[2018]
300 _a1 online resource.
336 _atext
_btxt
_2rdacontent
337 _acomputer
_bc
_2rdamedia
338 _aonline resource
_bcr
_2rdacarrier
347 _atext file
_2rdaft
347 _bEPUB
588 0 _aOnline resource; title from ePub title page (Digitalia, viewed September 20, 2022)
650 0 _aDepressions
_vFiction.
655 7 _aFiction.
_2lcgft
655 0 _aElectronic books.
700 1 _iTranslation of:
_aFante, John,
_d1909-1983.
_t1933 was a bad year.
791 2 _aDigitalia (Firm),
_edistributor.
793 0 _gDigitalia eBook Collection:
_aAnagrama
776 0 8 _iPrint version:
_aFante, John, 1909-1983.
_s1933 was a bad year. Spanish.
_tAño pésimo.
_dBarcelona : Editorial Anagrama, [2005]
_z9788433970725
830 0 _aPanorama de narrativas ;
_v611.
856 4 0 _3Digitalia Hispánica
_uhttps://www.digitaliapublishing.com/a/79910/
910 _aPremium collection: 2022
942 _cRAA
999 _c264483
_d264483